Bible General Knowledge #2 - Statistics

General Stats
  • This quiz has been taken 64 times
    63 since last reset
  • The average score is 12 of 20
Answer Stats
Hint Answer % Correct
Which of Jesus' disciples betrayed him for 30 pieces of silver? Judas
96%
...And who led them out? Moses
91%
What did Jesus feed the 5,000 with? Bread
87%
What did Jesus feed the 5,000 with? Fish
83%
What is the longest book of the Bible? Psalms
81%
Esther is one of two Books of the Bible named after a women. What is the other one? Ruth
81%
Who started the Protestant Reformation? Martin Luther
77%
What did God create on the first day of Creation? Light
74%
What city did Joshua and the Israelites capture by marching around the walls? Jericho
68%
What is the shortest verse in the Bible? Jesus wept
66%
How many books are there in the New Testament? 27
60%
What was created to hold the Ten Commandments (and other things)? The Ark of the Covenant
57%
Who was the first king of Israel? Saul
47%
In what modern-day city did Paul die? Rome
43%
Who led the Israelites into Egypt? Joseph
42%
What city was Jonah told by God to preach to - but he went the opposite way? Nineveh
40%
What does Peter find in a fish's mouth? A coin
30%
What classical composer ended all of his manuscripts with 'S.D.G', meaning 'Soli deo gloria', meaning 'To God be the glory'? Johann Sebastian Bach
30%
Which tribe of Israel didn't get a share of land in the promised land? Levi
28%
Where was Ruth from, before she went with Naomi back to Israel? Moab
17%
No matching quizzes found
Score Distribution
Percent of People with Each Score
Percentile by Number Answered
Your Score History
You have not taken this quiz since the last reset